000
00374nam a2200145Ia 4500
008
090122s9999 xx 000 0 und d
082
_b
7424
_a
891.463
100
_a
कदम
_b
बाबा
245
_a
डार्करूम
600
_a
कदम
630
_a
डार्करूम
700
_a
कदम
730
_a
डार्करूम
942
_c
BOOK
999
_c
31501
_d
31501